Statistics for Naruto Jutsu(EASY)

Click here to take the quiz!

General Stats

  • This quiz has been taken 633 times
  • The average score is 5 of 15

Answer Stats

HintAnswer% Correct
Kakashi's signatureLightning blade
94%
Naruto used it to defeat KakuzuWind Style: Rasenshuriken
78%
Naruto's favorite jutsuShadow Clone Jutsu
68%
Eternal flames used by Sasuke and ItachiAmaterasu
52%
Pain's jutsu used to annihilate KonohaAlmighty Push
42%
Orochimaru's Technique used against his former senseiSummoning Jutsu: Reanimation
31%
Sasuke's most powerful jutsuKirin
25%
Choji's Main jutsuHuman Boulder
16%
Temari's jutsuWind Scythe
10%
Rock Lee's most powerful jutsuHidden Lotus
9%
Guy's Strongest jutsuHirudora
8%
Shikamaru's Jutsu (against Tayuya)Shadow Strangle jutsu
7%
Guy's 2nd strongest jutsuMorning Peacock
6%
Sasuke's preffered technique after chidoriFire Style: Fireball Jutsu
3%
Jiraiya and Gamabunta's combination jutsuFire Style: Toad Flame Bomb
2%

Score Distribution

Percentile by Number Answered

Percent of People with Each Score

Your Score History

You have not taken this quiz